[Event "Mont de Marsan Noel op 14th"]
[Site "Mont de Marsan"]
[Date "2017.12.26"]
[Round "1"]
[White "Corral Saiz, Pedro"]
[Black "Lagarde, Maxime"]
[Result "0-1"]
[WhiteElo "1712"]
[BlackElo "2586"]
[PlyCount "50"]
[EventDate "2017.12.26"]
[EventType "swiss"]
[EventRounds "9"]
[EventCountry "FRA"]
[SourceTitle "EXT 2019"]
[Source "ChessBase"]
[SourceDate "2018.10.10"]
[SourceVersion "1"]
[SourceVersionDate "2018.10.10"]
[SourceQuality "1"]

1. e4 g6 2. d4 Bg7 3. c4 d6 4. Nc3 Nf6 5. Be3 0-0 6. f3 Nc6 7. Qd2 Re8 8. Nge2 a6 9. g4 Rb8 10. Ng3 e5 11. Nce2 exd4 12. Nxd4 Ne5 13. Be2 c5 14. Nc2 b5 15. cxb5 axb5 16. Rd1 Nc4 17. Bxc4 bxc4 18. Na3 Be6 19. Qc2 Nd7 20. Rxd6 Rxb2 21. Qa4 Bc3+ 22. Kf1 Qf6 23. Qd1 Ne5 24. Nf5 gxf5 25. exf5 Qh4 0-1